BHARTEEYA YOG KE LOKPRIYA PATH (Record no. 8860)

MARC details
000 -LEADER
fixed length control field 00382nam a22001457a 4500
005 - DATE AND TIME OF LATEST TRANSACTION
control field 20251007130958.0
008 - FIXED-LENGTH DATA ELEMENTS--GENERAL INFORMATION
fixed length control field 250929b |||||||| |||| 00| 0 eng d
020 ## - INTERNATIONAL STANDARD BOOK NUMBER
ISBN 978-93-48189-38-7
041 ## - LANGUAGE CODE
Language code of text/sound track or separate title HINDI
100 ## - MAIN ENTRY--AUTHOR NAME
Personal name PANDEY, DR RAMESH CHANDRA
245 ## - TITLE STATEMENT
Title BHARTEEYA YOG KE LOKPRIYA PATH
260 ## - PUBLICATION, DISTRIBUTION, ETC. (IMPRINT)
Place of publication UTTAR PRADESH
Name of publisher AKSHAR PLANT
Year of publication 2024
300 ## - PHYSICAL DESCRIPTION
Number of Pages 300;P
942 ## - ADDED ENTRY ELEMENTS (KOHA)
Koha item type Books
Holdings
Lost status Damaged status Collection code Home library Current library Shelving location Date acquired Source of acquisition Cost, normal purchase price Serial Enumeration / chronology Accession Number Koha item type
    BHARTIYA GYAN PARAMPARA JRU Library JRU Library KAUTILYA BOOK SANGRAH 29/09/2025 PURCHASE 1000.00 INVOICE NO-05, DATE-26/08/2025 28906 Books